[Event "GCT Blitz Paris 2017"]
[Site "Paris FRA"]
[Date "2017.06.25"]
[Round "15.5"]
[White "Karjakin, Sergey"]
[Black "Carlsen, M."]
[Result "1-0"]
[WhiteElo "2781"]
[BlackElo "2832"]
[PlyCount "171"]
[EventDate "2017.06.24"]
[EventType "blitz"]

1. e4 e5 2. Nf3 Nc6 3. Bc4 Bc5 4. O-O Nf6 5. d3 a6 6. c3 d6 7. a4 Ba7 8. Nbd2
O-O 9. h3 h6 10. Re1 Re8 11. b4 Be6 12. Bxe6 Rxe6 13. Qc2 Ne7 14. Nf1 Ng6 15.
c4 a5 16. bxa5 Ne7 17. Rb1 Rb8 18. Bd2 Nc6 19. Ng3 Nd7 20. Rb5 Nc5 21. Reb1 Qc8
22. Be3 Re8 23. Nf5 Ne6 24. Qd2 h5 25. d4 exd4 26. N3xd4 Nexd4 27. Nxd4 Bxd4
28. Bxd4 Rxe4 29. Bc3 Rxc4 30. Rxh5 Qe6 31. Re1 Qg6 32. Rg5 Qxg5 33. Qxg5 Rxc3
34. Re4 Rc5 35. Qg3 Rxa5 36. Rg4 g6 37. Qb3 Kf8 38. Rh4 Ke7 39. Rf4 Nd8 40.
Re4+ Kd7 41. Qe3 Nc6 42. Qf3 Rf8 43. Qf6 Re5 44. Rxe5 Nxe5 45. f4 Nc6 46. g4
Nd8 47. h4 Re8 48. h5 gxh5 49. gxh5 Re6 50. Qg7 d5 51. h6 Rg6+ 52. Kf2 Ke7 53.
f5 Rf6 54. h7 Rxf5+ 55. Ke1 Ne6 56. Qh6 Re5+ 57. Kd1 Re4 58. h8=Q Rxa4 59. Qh2
Kd7 60. Qf6 Kc6 61. Qc2+ Rc4 62. Qxf7 Nc5 63. Qxc4 dxc4 64. Qxc4 b5 65. Qh4 Nb7
66. Qe4+ Kb6 67. Qg6+ Nd6 68. Kc2 Kc5 69. Kb3 Nc4 70. Qg1+ Kc6 71. Kb4 Nd6 72.
Qc5+ Kd7 73. Qd5 c6 74. Qg8 Kc7 75. Qg7+ Kb6 76. Qd4+ Kc7 77. Ka5 Nb7+ 78. Ka6
Nd6 79. Qa7+ Kd8 80. Qh7 Nc8 81. Kb7 Ne7 82. Kb6 Kd7 83. Kc5 Ke6 84. Qh6+ Kd7
85. Qd6+ Ke8 86. Qe6 1-0

[Event "GCT Blitz Paris 2017"]
[Site "Paris FRA"]
[Date "2017.06.25"]
[Round "18.5"]
[White "Carlsen, M."]
[Black "So, W."]
[Result "1-0"]
[WhiteElo "2832"]
[BlackElo "2812"]
[PlyCount "49"]
[EventDate "2017.06.24"]
[EventType "blitz"]

1. d4 Nf6 2. Bf4 d5 3. e3 c5 4. Nc3 a6 5. dxc5 e6 6. Na4 Bxc5 7. Nxc5 Qa5+ 8.
c3 Qxc5 9. Nf3 Nc6 10. Bd3 h6 11. Ne5 O-O 12. O-O Qe7 13. c4 Nxe5 14. Bxe5 dxc4
15. Bxc4 Rd8 16. Qf3 Nd5 17. e4 Nb6 18. Bb3 f6 19. Bc3 a5 20. a3 Kh8 21. Qe3
Ra6 22. Rad1 e5 23. Bxa5 Rxd1 24. Rxd1 Be6 25. Bxb6 1-0

[Event "GCT Blitz Paris 2017"]
[Site "Paris FRA"]
[Date "2017.06.25"]
[Round "12.1"]
[White "Topalov, V."]
[Black "Carlsen, M."]
[Result "0-1"]
[WhiteElo "2749"]
[BlackElo "2832"]
[PlyCount "58"]
[EventDate "2017.06.24"]
[EventType "blitz"]

1. c4 c6 2. d4 d5 3. Nf3 Nf6 4. e3 a6 5. Nc3 e6 6. b3 Bb4 7. Bd2 Nbd7 8. Bd3
O-O 9. Qc2 Qe7 10. Ne5 Nxe5 11. dxe5 Ng4 12. f4 f5 13. g3 Rd8 14. h3 Nxe3 15.
Bxe3 d4 16. Bd2 dxc3 17. Bxc3 Bxc3+ 18. Qxc3 c5 19. O-O-O b6 20. g4 Bb7 21.
Rhg1 Qh4 22. Bc2 Rxd1+ 23. Bxd1 Qf2 24. Qg3 Qxa2 25. Qc3 Qf2 26. Qg3 Qd4 27.
gxf5 Qa1+ 28. Kd2 Rd8+ 29. Ke2 Qb2+ 0-1

[Event "GCT Blitz Paris 2017"]
[Site "Paris FRA"]
[Date "2017.06.25"]
[Round "14.1"]
[White "Grischuk, A."]
[Black "Carlsen, M."]
[Result "1/2-1/2"]
[WhiteElo "2761"]
[BlackElo "2832"]
[PlyCount "92"]
[EventDate "2017.06.24"]
[EventType "blitz"]

1. d4 Nf6 2. c4 e6 3. Nf3 d5 4. Nc3 c6 5. Bg5 Nbd7 6. e3 Qa5 7. Nd2 dxc4 8.
Bxf6 Nxf6 9. Nxc4 Qc7 10. Rc1 Be7 11. g3 O-O 12. Bg2 Rd8 13. O-O Bd7 14. Qb3
Rac8 15. Rfd1 Be8 16. Ne4 Nxe4 17. Bxe4 b5 18. Nd2 h6 19. Bg2 c5 20. dxc5 Bc6
21. Bxc6 Qxc6 22. Qa3 Rd5 23. Nb3 Rxd1+ 24. Rxd1 Bxc5 25. Nxc5 Qxc5 26. Rd8+
Kh7 27. Qd3+ f5 28. Rxc8 Qxc8 29. Qxb5 Qc1+ 30. Kg2 Qb1 31. Qa4 Qd3 32. Qd4 Qa6
33. a3 Qc6+ 34. Kg1 Qc1+ 35. Kg2 Qc6+ 36. e4 fxe4 37. Qe3 a6 38. b4 Kg8 39. g4
Qd5 40. h3 Qc4 41. Qc5 Qd3 42. Qc8+ Kf7 43. Qc7+ Kg8 44. Qc8+ Kf7 45. Qc7+ Kg8
46. Qc8+ Kf7 1/2-1/2

[Event "GCT Blitz Paris 2017"]
[Site "Paris FRA"]
[Date "2017.06.25"]
[Round "10.1"]
[White "Caruana, F."]
[Black "Carlsen, M."]
[Result "1-0"]
[WhiteElo "2808"]
[BlackElo "2832"]
[PlyCount "97"]
[EventDate "2017.06.24"]
[EventType "blitz"]

1. Nf3 d5 2. g3 Nf6 3. Bg2 Bg4 4. O-O e6 5. d3 Be7 6. h3 Bh5 7. Nbd2 c5 8. e4
Nc6 9. Re1 dxe4 10. dxe4 O-O 11. e5 Nd7 12. g4 Bg6 13. Nc4 Nb4 14. Ne3 Nb6 15.
Qe2 N6d5 16. Rd1 Qc7 17. Nxd5 Nxd5 18. a3 c4 19. Nd4 Rfd8 20. Kh1 c3 21. b4 Qb6
22. Nb3 Rd7 23. f4 Rad8 24. Rf1 h6 25. f5 Bh7 26. Na5 Qc7 27. Nc4 b5 28. Na5 a6
29. Nb3 Nb6 30. Bf4 Nc4 31. Bg3 Bg5 32. Rf3 Rd2 33. Nxd2 cxd2 34. h4 Ne3 35.
hxg5 d1=Q+ 36. Rxd1 Rxd1+ 37. Kh2 Nxg4+ 38. Kh3 Rd4 39. g6 fxg6 40. fxe6 g5 41.
Rf7 Qc8 42. Qf3 Bg6 43. Re7 Nxe5 44. Qf2 Qd8 45. Rxg7+ Kxg7 46. Bxe5+ Kg8 47.
Bxd4 Qd6 48. Qf6 g4+ 49. Kxg4 1-0

[Event "GCT Blitz Paris 2017"]
[Site "Paris FRA"]
[Date "2017.06.25"]
[Round "11.3"]
[White "Carlsen, M."]
[Black "Bacrot, E."]
[Result "1-0"]
[WhiteElo "2832"]
[BlackElo "2708"]
[PlyCount "175"]
[EventDate "2017.06.24"]
[EventType "blitz"]

1. e4 e5 2. Nf3 Nc6 3. Bc4 Bc5 4. O-O Nf6 5. d3 d6 6. c3 a6 7. Bb3 O-O 8. h3 h6
9. Re1 Re8 10. Nbd2 Be6 11. Nf1 Bxb3 12. Qxb3 Qd7 13. Be3 Bxe3 14. Nxe3 Ne7 15.
Nh2 Ng6 16. Nhg4 Nh7 17. Qd1 Nf4 18. h4 d5 19. g3 dxe4 20. dxe4 Qxd1 21. Raxd1
Ne6 22. Nd5 f6 23. h5 Rad8 24. Kg2 Kf7 25. Nge3 Nhf8 26. Nf5 Rd7 27. Nde3 Red8
28. Rxd7+ Rxd7 29. Rd1 Rxd1 30. Nxd1 Nc5 31. f3 a5 32. Kf1 Nfe6 33. Ke2 Ke8 34.
Nde3 Kd7 35. b4 Na4 36. Kd3 axb4 37. cxb4 b5 38. Nd5 Nb2+ 39. Kc3 Na4+ 40. Kd2
c6 41. Nde3 Nb6 42. Kd3 Na4 43. Nd1 Kc7 44. Ke3 Nb6 45. Nb2 Kd7 46. Nd3 Nc4+
47. Ke2 Ke8 48. Nc5 Nxc5 49. bxc5 Kf7 50. Kd3 Nb2+ 51. Kc3 Na4+ 52. Kb4 Kf8 53.
Nd6 Ke7 54. Nc8+ Kd8 55. Nd6 Ke7 56. a3 Ke6 57. Nf5 Kf7 58. f4 Kf8 59. Nh4 Kf7
60. Ng2 g6 61. hxg6+ Kxg6 62. Nh4+ Kf7 63. fxe5 fxe5 64. Nf3 Kf6 65. g4 Ke6 66.
Ne1 Kf6 67. Nd3 Ke6 68. Ka5 Nc3 69. Kb6 Nxe4 70. Kxc6 Nc3 71. Kb7 e4 72. Nf4+
Ke5 73. c6 e3 74. c7 Ne4 75. Ne2 Nd6+ 76. Kc6 Ke6 77. Nd4+ Ke5 78. Nxb5 Nc8 79.
Nc3 Kd4 80. Ne2+ Kd3 81. Ng3 Kd4 82. Nf5+ Ke4 83. a4 Kf4 84. Nxe3 Kxe3 85. a5
Kf4 86. Kb7 Nd6+ 87. Kb8 Kxg4 88. a6 1-0

[Event "GCT Rapid Paris 2017"]
[Site "Paris FRA"]
[Date "2017.06.22"]
[Round "5.5"]
[White "Carlsen, M."]
[Black "Topalov, V."]
[Result "1-0"]
[WhiteElo "2832"]
[BlackElo "2749"]
[PlyCount "63"]
[EventDate "2017.06.21"]
[EventType "rapid"]

1. d4 Nf6 2. c4 g6 3. Nf3 Bg7 4. g3 O-O 5. Bg2 d5 6. cxd5 Nxd5 7. O-O Nb6 8.
Nc3 Nc6 9. d5 Na5 10. e4 c6 11. Bf4 Nac4 12. Qe2 Bg4 13. h3 Bxf3 14. Bxf3 cxd5
15. exd5 Re8 16. Rac1 e5 17. dxe6 Rxe6 18. Qc2 g5 19. Rfd1 Qe7 20. Bd2 Rd8 21.
Nd5 Nxd5 22. Qxc4 Red6 23. Re1 Qf6 24. Qg4 h6 25. Rc8 Bf8 26. Bxd5 Rxd5 27. Bc3
Qg6 28. Re8 Rxe8 29. Rxe8 Qb1+ 30. Kh2 Qf1 31. Be1 Kg7 32. Qf3 1-0

[Event "GCT Rapid Paris 2017"]
[Site "Paris FRA"]
[Date "2017.06.22"]
[Round "4.3"]
[White "So, W."]
[Black "Carlsen, M."]
[Result "0-1"]
[WhiteElo "2812"]
[BlackElo "2832"]
[PlyCount "86"]
[EventDate "2017.06.21"]
[EventType "rapid"]

1. e4 e5 2. Nf3 Nc6 3. Bc4 Bc5 4. O-O Nf6 5. d3 O-O 6. c3 d6 7. Re1 a6 8. Bb3
Re8 9. h3 h6 10. Nbd2 Be6 11. Nf1 Bxb3 12. Qxb3 d5 13. Be3 Bf8 14. Rad1 Na5 15.
Qc2 c5 16. exd5 Qxd5 17. Bd2 Nc6 18. Ne3 Qd7 19. Nc4 Qc7 20. a4 b5 21. axb5
axb5 22. Na3 Qb7 23. c4 b4 24. Nb5 Rad8 25. Ra1 Qd7 26. Ra6 Re6 27. Qa4 Qxd3
28. Bxh6 gxh6 29. Nc7 Nd4 30. Nxd4 Rxa6 31. Qxa6 Rd6 32. Nc6 Qf5 33. Nd5 Qe6
34. Qa8 Rxc6 35. Re3 Ne8 36. Rg3+ Kh7 37. Rf3 e4 38. Rf4 Ra6 39. Rxf7+ Qxf7 40.
Qxa6 Bg7 41. Qc6 Bd4 42. Kh2 Ng7 43. Ne3 Qf4+ 0-1

[Event "GCT Rapid Paris 2017"]
[Site "Paris FRA"]
[Date "2017.06.21"]
[Round "1.5"]
[White "Grischuk, A."]
[Black "Carlsen, M."]
[Result "1/2-1/2"]
[WhiteElo "2761"]
[BlackElo "2832"]
[PlyCount "77"]
[EventDate "2017.06.21"]
[EventType "rapid"]

1. d4 d5 2. c4 c6 3. cxd5 cxd5 4. Bg5 Nc6 5. Nc3 Nf6 6. Bxf6 gxf6 7. e3 a6 8.
Rc1 Bf5 9. Bd3 Bg6 10. f4 f5 11. h4 h5 12. Nf3 e6 13. Na4 f6 14. Nc5 Bxc5 15.
Rxc5 Rh7 16. Qb3 Na7 17. Rh3 Re7 18. Kf2 Nc8 19. Rh1 Nd6 20. Rhc1 Kf8 21. Qc2
Be8 22. Nd2 Bb5 23. a4 Bxd3 24. Qxd3 a5 25. Qe2 Qe8 26. Rc7 Rxc7 27. Rxc7 Rc8
28. Rxc8 Qxc8 29. Qxh5 Qc2 30. Ke1 Qc1+ 31. Ke2 Qxb2 32. Qh8+ Ke7 33. Qg7+ Ke8
34. Qc7 Qb4 35. h5 Nf7 36. Qc8+ Ke7 37. Qc7+ Ke8 38. Qc8+ Ke7 39. Qc7+ 1/2-1/2

[Event "5th Norway Chess 2017"]
[Site "Stavanger NOR"]
[Date "2017.06.15"]
[Round "8.2"]
[White "Carlsen, M."]
[Black "Karjakin, Sergey"]
[Result "1-0"]
[WhiteElo "2832"]
[BlackElo "2781"]
[PlyCount "87"]
[EventDate "2017.06.06"]

1. d4 Nf6 2. c4 e6 3. Nc3 Bb4 4. e3 O-O 5. Bd3 d5 6. cxd5 exd5 7. Nge2 Re8 8.
Bd2 Bf8 9. O-O b6 10. Rc1 c5 11. Nf4 Bb7 12. Qf3 Na6 13. Rfd1 cxd4 14. exd4 Nc7
15. Bc2 Bd6 16. Be3 Ne4 17. Ba4 Re7 18. Bb3 Qd7 19. h3 Nxc3 20. bxc3 Bc6 21.
Nh5 Re6 22. Bc2 Ba4 23. c4 dxc4 24. d5 Rg6 25. Bd4 Bxc2 26. Rxc2 Qa4 27. Rcc1
Qxa2 28. Nxg7 Rxg7 29. Bxg7 Kxg7 30. Qg4+ Kf8 31. Qh4 Qb2 32. Rxc4 Ne8 33. Re1
Qf6 34. Qxh7 Qg7 35. Qc2 Qf6 36. Rg4 Bc5 37. Re2 Qh6 38. g3 Nf6 39. Rh4 Qg7 40.
Kg2 Qg5 41. Qc3 Bd6 42. Rh8+ Ng8 43. Re4 Qg7 44. Rxg8+ 1-0

[Event "4th GRENKE Chess Classic"]
[Site "Karlsruhe GER"]
[Date "2017.04.22"]
[Round "7.3"]
[White "Carlsen, M."]
[Black "Vachier Lagrave, M."]
[Result "1/2-1/2"]
[WhiteElo "2838"]
[BlackElo "2803"]
[PlyCount "118"]
[EventDate "2017.04.15"]

1. e4 c5 2. Nf3 d6 3. d4 cxd4 4. Nxd4 Nf6 5. Nc3 a6 6. Be2 e5 7. Nb3 Be7 8. Be3
Be6 9. Qd3 Nbd7 10. Nd5 O-O 11. O-O Bxd5 12. exd5 Ne8 13. a4 Bg5 14. a5 Bxe3
15. Qxe3 Nef6 16. c4 Rb8 17. Rfb1 Qc7 18. Nd2 b6 19. Nb3 Nc5 20. axb6 Rxb6 21.
Nxc5 dxc5 22. b4 Rfb8 23. Rd1 Rxb4 24. Rxa6 Rb3 25. Qg5 h6 26. Qf5 Qc8 27.
Qxc8+ Rxc8 28. Rc6 Rbb8 29. Bd3 e4 30. Bc2 Rxc6 31. dxc6 Rc8 32. Ba4 Kf8 33.
Bb5 Ke7 34. Ra1 Ng4 35. Ra7+ Ke6 36. f3 exf3 37. gxf3 Ne5 38. f4 Nf3+ 39. Kf2
Nd4 40. Ke3 g6 41. Ke4 Nxc6 42. Ra6 f5+ 43. Kf3 Kd6 44. h4 h5 45. Ke3 Rc7 46.
Kd2 Rc8 47. Kc3 Rc7 48. Kb3 Rc8 49. Ka4 Rc7 50. Rb6 Rc8 51. Ba6 Rb8 52. Bb7 Ke7
53. Rxc6 Rxb7 54. Rxc5 Rb1 55. Rd5 Rh1 56. c5 Rxh4 57. c6 Rxf4+ 58. Kb3 Rf1 59.
Kb2 Rf2+ 1/2-1/2

[Event "4th GRENKE Chess Classic"]
[Site "Karlsruhe GER"]
[Date "2017.04.21"]
[Round "6.2"]
[White "Naiditsch, A."]
[Black "Carlsen, M."]
[Result "1/2-1/2"]
[WhiteElo "2702"]
[BlackElo "2838"]
[PlyCount "83"]
[EventDate "2017.04.15"]

1. d4 Nf6 2. Bf4 g6 3. Nc3 d5 4. e3 Bg7 5. h4 h5 6. Be2 O-O 7. Nf3 c5 8. dxc5
Qa5 9. O-O Qxc5 10. Nb5 a6 11. Nc7 Ra7 12. Nb5 axb5 13. Bxb8 Ra8 14. Be5 b4 15.
Bd4 Qa5 16. c3 Bg4 17. Qb3 bxc3 18. Bxc3 Qc7 19. Rac1 Qd8 20. Rfd1 e6 21. Bb4
Re8 22. Bb5 Nd7 23. e4 Bxf3 24. Qxf3 Ne5 25. Qh3 Nc6 26. exd5 exd5 27. Rxc6
bxc6 28. Bxc6 Rxa2 29. Bxd5 Kh7 30. Qf3 Rxb2 31. Bxf7 Rxb4 32. Rxd8 Rxd8 33. g3
Rb6 34. Bxg6+ Rxg6 35. Qxh5+ Rh6 36. Qf5+ Kh8 37. Kg2 Rf6 38. Qh5+ Kg8 39. Qe2
Rdf8 40. Qc2 Rxf2+ 41. Qxf2 Rxf2+ 42. Kxf2 1/2-1/2

[Event "4th GRENKE Chess Classic"]
[Site "Karlsruhe GER"]
[Date "2017.04.20"]
[Round "5.4"]
[White "Meier, Geo"]
[Black "Carlsen, M."]
[Result "0-1"]
[WhiteElo "2621"]
[BlackElo "2838"]
[PlyCount "82"]
[EventDate "2017.04.15"]

1. d4 Nf6 2. c4 g6 3. Nc3 d5 4. Nf3 Bg7 5. g3 dxc4 6. Qa4+ Nfd7 7. Qxc4 Nb6 8.
Qd3 O-O 9. Bf4 Nc6 10. Rd1 Bf5 11. Qd2 Bg4 12. Bg2 Bxf3 13. Bxf3 Nxd4 14. Bxb7
Nc4 15. Qc1 Rb8 16. b3 Rxb7 17. bxc4 c5 18. O-O Rb4 19. Bh6 Bxh6 20. Qxh6 Rxc4
21. Ne4 Nxe2+ 22. Kg2 Qa8 23. f3 Rxe4 24. fxe4 Qxe4+ 25. Kf2 Nd4 26. Qe3 Qd5
27. Rd2 e5 28. Re1 Re8 29. Qe4 Qe6 30. Re3 Kg7 31. Rb2 c4 32. g4 Qf6+ 33. Ke1
Qg5 34. Kf2 Re6 35. Ke1 h5 36. h3 Rf6 37. Kd2 Rf4 38. Qxe5+ Qxe5 39. Rxe5 Nf3+
40. Ke3 Nxe5 41. Kxf4 Nd3+ 0-1

[Event "4th GRENKE Chess Classic"]
[Site "Karlsruhe GER"]
[Date "2017.04.19"]
[Round "4.2"]
[White "Carlsen, M."]
[Black "Caruana, F."]
[Result "1/2-1/2"]
[WhiteElo "2838"]
[BlackElo "2817"]
[PlyCount "79"]
[EventDate "2017.04.15"]

1. e4 e5 2. Nf3 Nf6 3. Nxe5 d6 4. Nf3 Nxe4 5. d3 Nf6 6. d4 d5 7. Bd3 Bd6 8.
Qe2+ Be6 9. c4 dxc4 10. Bxc4 Qe7 11. O-O O-O 12. Nc3 h6 13. d5 Bg4 14. Qxe7
Bxe7 15. Nb5 Nbd7 16. Re1 Bc5 17. Bb3 Rac8 18. Bf4 Bxf3 19. gxf3 a6 20. Nxc7
Nh5 21. Ne6 Nxf4 22. Nxf4 Bd6 23. Nd3 Nc5 24. Nxc5 Rxc5 25. Rac1 Rxc1 26. Rxc1
Re8 27. Ba4 Rd8 28. Kg2 Kf8 29. Re1 g6 30. h3 Kg7 31. Re8 Rxe8 32. Bxe8 Kf6 33.
Bd7 a5 34. a4 b6 35. b3 Ke7 36. Bc6 Kf6 37. Be8 Ke7 38. Bc6 Kf6 39. Be8 Ke7 40.
Bc6 1/2-1/2

[Event "4th GRENKE Chess Classic"]
[Site "Karlsruhe GER"]
[Date "2017.04.17"]
[Round "3.1"]
[White "Hou Yifan"]
[Black "Carlsen, M."]
[Result "1/2-1/2"]
[WhiteElo "2649"]
[BlackElo "2838"]
[PlyCount "75"]
[EventDate "2017.04.15"]

1. e4 c5 2. Nf3 d6 3. d4 cxd4 4. Nxd4 Nf6 5. Nc3 a6 6. a4 e5 7. Nf3 Be7 8. Bg5
Be6 9. Bxf6 Bxf6 10. Nd5 Nd7 11. Bc4 Rc8 12. Qe2 Nb6 13. Nxf6+ Qxf6 14. Bxe6
Qxe6 15. O-O O-O 16. Rfd1 Rc6 17. a5 Nd7 18. b3 Rfc8 19. Rd2 Nc5 20. Rad1 Qe7
21. Qe3 g6 22. g3 b5 23. axb6 Rxb6 24. Rd5 Rcc6 25. Nd2 Nb7 26. Nc4 Rb5 27. Qa7
Qc7 28. Rxb5 axb5 29. Nxd6 Nxd6 30. Qxc7 Rxc7 31. Rxd6 Rxc2 32. Rd5 Re2 33.
Rxe5 b4 34. Rb5 Rxe4 35. Kg2 Rd4 36. Kf1 Re4 37. Kg2 Rd4 38. Kf1 1/2-1/2

[Event "4th GRENKE Chess Classic"]
[Site "Karlsruhe GER"]
[Date "2017.04.16"]
[Round "2.2"]
[White "Carlsen, M."]
[Black "Aronian, L."]
[Result "1/2-1/2"]
[WhiteElo "2838"]
[BlackElo "2774"]
[PlyCount "140"]
[EventDate "2017.04.15"]

1. e4 e5 2. Nf3 Nc6 3. Bb5 a6 4. Ba4 Nf6 5. O-O Be7 6. Re1 b5 7. Bb3 O-O 8. a4
b4 9. d3 Bc5 10. c3 bxc3 11. bxc3 Rb8 12. Bg5 h6 13. Bh4 g5 14. Bg3 Nh5 15.
Nbd2 Nxg3 16. hxg3 Qf6 17. Nc4 d6 18. Ne3 Be6 19. Bxe6 fxe6 20. Qc2 h5 21. Rab1
Rxb1 22. Rxb1 h4 23. gxh4 gxh4 24. Rb7 h3 25. Rxc7 hxg2 26. Qe2 Ne7 27. Ne1 Rb8
28. Qg4+ Ng6 29. Nf3 Rb2 30. d4 exd4 31. e5 dxe5 32. Nc4 Rb1+ 33. Kxg2 e4 34.
Qxe4 Nf4+ 35. Kg3 Ne2+ 36. Kg4 Qf5+ 37. Qxf5 exf5+ 38. Kxf5 dxc3 39. Rxc5 c2
40. Rc8+ Kg7 41. Rc7+ Kg8 42. Kf6 Rg1 43. Nxg1 c1=Q 44. Nxe2 Qh6+ 45. Ke7 Qh7+
46. Kd6 Qd3+ 47. Kc5 Qxe2 48. Kb6 Qxf2+ 49. Kxa6 Kf8 50. a5 Ke8 51. Nb6 Qf5 52.
Rd7 Qc5 53. Rh7 Qe5 54. Rd7 Qc5 55. Rd5 Qc6 56. Rh5 Qc3 57. Kb7 Qg7+ 58. Ka6
Kd8 59. Rd5+ Kc7 60. Rd7+ Kb8 61. Rd8+ Kc7 62. Rc8+ Kd6 63. Nc4+ Kd7 64. Rc5
Qg1 65. Kb6 Qb1+ 66. Ka7 Qb4 67. Nb6+ Kd6 68. Rh5 Kc6 69. Rh6+ Kb5 70. Rh5+ Kc6
1/2-1/2

[Event "4th GRENKE Chess Classic"]
[Site "Karlsruhe GER"]
[Date "2017.04.15"]
[Round "1.1"]
[White "Bluebaum, M."]
[Black "Carlsen, M."]
[Result "1/2-1/2"]
[WhiteElo "2634"]
[BlackElo "2838"]
[PlyCount "117"]
[EventDate "2017.04.15"]

1. d4 d6 2. Nf3 g6 3. c4 Bg7 4. Nc3 Nf6 5. e4 O-O 6. h3 Na6 7. Be3 c5 8. Be2
cxd4 9. Nxd4 Nc5 10. Qc2 b6 11. O-O Bb7 12. Bf3 Rc8 13. Rad1 Qc7 14. b3 Qb8 15.
Rfe1 Rfe8 16. Bc1 a6 17. Qe2 e6 18. Bb2 Rcd8 19. Qc2 Qa8 20. Qe2 h5 21. Ba1
Ncd7 22. g3 d5 23. Bg2 e5 24. Nc2 dxe4 25. Nxe4 Nxe4 26. Bxe4 Bxe4 27. Qxe4
Qxe4 28. Rxe4 Nc5 29. Ree1 Nd3 30. Re3 e4 31. Bxg7 Kxg7 32. Ne1 Nc5 33. Rxd8
Rxd8 34. b4 Nd3 35. Rxe4 Nxb4 36. a3 Nc6 37. Nc2 Rd1+ 38. Kg2 a5 39. Ne3 Ra1
40. Nd5 Rxa3 41. Nxb6 Rc3 42. Re8 Rb3 43. c5 Rc3 44. Na4 Rc4 45. Rc8 Ne5 46.
Nb6 Rc2 47. Nd5 a4 48. Ne3 Rc3 49. Nd5 Rc1 50. Ra8 Rxc5 51. Ne3 Nc4 52. Rxa4
Nxe3+ 53. fxe3 Rc2+ 54. Kf3 g5 55. Ra5 f6 56. e4 Rc3+ 57. Kf2 Rc2+ 58. Kf3 Rc3+
59. Kf2 1/2-1/2

[Event "PRO League KO Stage 2017"]
[Site "chess.com INT"]
[Date "2017.03.26"]
[Round "5.1"]
[White "Rosenthal, Nicholas"]
[Black "Carlsen, M."]
[Result "0-1"]
[WhiteElo "2169"]
[BlackElo "2838"]
[PlyCount "112"]
[EventDate "2017.03.01"]
[WhiteTeam "St Louis Arch Bishops"]
[BlackTeam "Norway Gnomes"]

1. e4 e5 2. Nf3 Nc6 3. Bc4 Bc5 4. O-O d6 5. d3 Nf6 6. c3 a6 7. h3 Ba7 8. Re1
O-O 9. Bb3 h6 10. Nbd2 Re8 11. Nf1 Be6 12. Bc2 d5 13. Ng3 d4 14. a3 Nd7 15. c4
b5 16. b3 Rb8 17. Nd2 Ne7 18. Nf3 Ng6 19. Nh2 bxc4 20. bxc4 c6 21. Bd2 Bc5 22.
Ng4 Be7 23. Nf5 Bg5 24. g3 h5 25. Nh2 Bxd2 26. Qxd2 Qf6 27. Bd1 Bxf5 28. exf5
Qxf5 29. Bf3 c5 30. Kg2 Nf6 31. Be4 Nxe4 32. Rxe4 Rb3 33. Nf3 Reb8 34. Ra2 f6
35. Qe2 Rc3 36. Nd2 a5 37. Qf1 Qd7 38. Nb1 Rcb3 39. Nd2 R3b6 40. Re1 Qc6+ 41.
Kh2 h4 42. Ne4 f5 43. Nd2 Rb2 44. Rea1 e4 45. dxe4 fxe4 46. Qg2 Rxa2 47. Rxa2
Re8 48. Ra1 hxg3+ 49. fxg3 Qe6 50. Re1 e3 51. Nb3 Qxc4 52. Qc6 Qf7 53. Kh1 d3
54. a4 c4 55. Nd4 d2 56. Rg1 e2 0-1

[Event "PRO League KO Stage 2017"]
[Site "chess.com INT"]
[Date "2017.03.26"]
[Round "5.2"]
[White "Carlsen, M."]
[Black "Finegold, B."]
[Result "1-0"]
[WhiteElo "2838"]
[BlackElo "2481"]
[PlyCount "51"]
[EventDate "2017.03.01"]
[WhiteTeam "Norway Gnomes"]
[BlackTeam "St Louis Arch Bishops"]

1. d4 Nf6 2. Nf3 d5 3. Bf4 Bf5 4. e3 e6 5. c4 Bxb1 6. Qxb1 Bb4+ 7. Kd1 Bd6 8.
Bg5 c5 9. cxd5 exd5 10. Bb5+ Nc6 11. dxc5 Bxc5 12. Bxc6+ bxc6 13. Qc2 Be7 14.
Qxc6+ Kf8 15. Rc1 h6 16. Bxf6 Bxf6 17. Ke2 Bxb2 18. Rc2 Bf6 19. Rd1 Qe8 20.
Rxd5 Qxc6 21. Rxc6 Ke7 22. Rc7+ Ke6 23. Rcd7 Rhb8 24. e4 Rb2+ 25. Kd3 Rb6 26.
e5 1-0

[Event "PRO League KO Stage 2017"]
[Site "chess.com INT"]
[Date "2017.03.26"]
[Round "5.3"]
[White "Carlsen, M."]
[Black "Akobian, V."]
[Result "1-0"]
[WhiteElo "2838"]
[BlackElo "2645"]
[PlyCount "115"]
[EventDate "2017.03.01"]
[WhiteTeam "Norway Gnomes"]
[BlackTeam "St Louis Arch Bishops"]

1. e4 e6 2. d4 d5 3. exd5 exd5 4. Nf3 Nf6 5. Bd3 Bd6 6. Qe2+ Qe7 7. Qxe7+ Kxe7
8. O-O Re8 9. Re1+ Kf8 10. Rxe8+ Kxe8 11. Nc3 c6 12. Bd2 h6 13. Re1+ Kf8 14.
Ne5 Nbd7 15. f4 Nb6 16. h3 Bd7 17. g4 Be8 18. Kf2 c5 19. dxc5 Bxc5+ 20. Kf3
Nfd7 21. Nxd7+ Bxd7 22. b3 Bc6 23. Kg3 Rd8 24. Ne2 d4 25. b4 Be7 26. b5 Be8 27.
Kf3 Na4 28. Ng3 Nb2 29. Nf5 Bc5 30. Rb1 Nxd3 31. cxd3 Bd7 32. Bb4 Bxb4 33. Rxb4
Bxf5 34. gxf5 Ke7 35. Ke4 Kf6 36. Ra4 Ra8 37. Rxd4 Re8+ 38. Kf3 Re7 39. Rd5 h5
40. a4 b6 41. h4 Rc7 42. Ke4 Rc1 43. Rd7 Re1+ 44. Kd5 Rf1 45. Rxa7 Rxf4 46. Kc6
Rxh4 47. Kxb6 Rb4 48. a5 h4 49. Ra8 Kxf5 50. a6 g5 51. Rh8 Kg4 52. a7 Ra4 53.
Kb7 f5 54. a8=Q Rxa8 55. Kxa8 f4 56. b6 f3 57. b7 f2 58. Rf8 1-0

[Event "PRO League KO Stage 2017"]
[Site "chess.com INT"]
[Date "2017.03.25"]
[Round "4.3"]
[White "Meier, Geo"]
[Black "Carlsen, M."]
[Result "1/2-1/2"]
[WhiteElo "2630"]
[BlackElo "2838"]
[PlyCount "77"]
[EventDate "2017.03.01"]
[WhiteTeam "Stockholm Snowballs"]
[BlackTeam "Norway Gnomes"]

1. Nf3 Nf6 2. g3 b5 3. Bg2 Bb7 4. O-O g6 5. c3 a6 6. a4 c6 7. d4 Bg7 8. Nbd2
O-O 9. e4 d6 10. e5 Nd5 11. Ne4 Qc7 12. Re1 c5 13. axb5 axb5 14. Rxa8 Bxa8 15.
e6 f5 16. Neg5 Nf6 17. d5 Na6 18. Nh4 c4 19. Nf7 Nc5 20. Nh6+ Bxh6 21. Bxh6 Re8
22. Qd2 Nd3 23. Qg5 Kh8 24. Ra1 Qc5 25. Nxg6+ hxg6 26. Qxg6 Qxf2+ 27. Kh1 Rg8
28. Bg7+ Rxg7 29. Rxa8+ Rg8 30. Rxg8+ Nxg8 31. Qh5+ Kg7 32. Qf7+ Kh6 33. Qf8+
Kh7 34. Qf7+ Kh8 35. Qh5+ Kg7 36. Qf7+ Kh6 37. Qf8+ Kh5 38. Qf7+ Kh6 39. Qf8+
1/2-1/2

[Event "PRO League KO Stage 2017"]
[Site "chess.com INT"]
[Date "2017.03.25"]
[Round "4.5"]
[White "Carlsen, M."]
[Black "Pantzar, Milton"]
[Result "1-0"]
[WhiteElo "2838"]
[BlackElo "2257"]
[PlyCount "93"]
[EventDate "2017.03.01"]
[WhiteTeam "Norway Gnomes"]
[BlackTeam "Stockholm Snowballs"]

1. Nf3 Nf6 2. g3 g6 3. b3 Bg7 4. Bb2 O-O 5. Bg2 d5 6. c4 c6 7. O-O Nbd7 8. d4
Re8 9. e3 b6 10. Nc3 Bb7 11. Rc1 Rc8 12. Qe2 e6 13. Rfd1 Qe7 14. e4 dxe4 15.
Nxe4 Nxe4 16. Qxe4 Nf6 17. Qe2 Red8 18. c5 Nd5 19. Ne5 Ba8 20. h4 h5 21. Ba3
Qe8 22. Rc2 Kh7 23. Bc1 Ne7 24. b4 Nf5 25. Bb2 a5 26. bxa5 bxa5 27. Bc3 a4 28.
Rcd2 Rb8 29. Qa6 Bb7 30. Qxa4 Ra8 31. Qc2 Rdc8 32. Rb1 Ba6 33. Rb4 Kg8 34. a4
Ne7 35. Rd1 Nd5 36. Rbb1 Rcb8 37. Bd2 Qc8 38. Rxb8 Rxb8 39. Rb1 Rb7 40. Bxd5
cxd5 41. Bf4 Qb8 42. Rxb7 Qxb7 43. c6 Qc8 44. c7 Bxe5 45. Bxe5 Qd7 46. Qc1 Bc8
47. Qh6 1-0

[Event "PRO League KO Stage 2017"]
[Site "chess.com INT"]
[Date "2017.03.25"]
[Round "4.8"]
[White "Jobava, Ba"]
[Black "Carlsen, M."]
[Result "0-1"]
[WhiteElo "2701"]
[BlackElo "2838"]
[PlyCount "61"]
[EventDate "2017.03.01"]
[WhiteTeam "Miami Champions"]
[BlackTeam "Norway Gnomes"]

1. d4 Nf6 2. c4 e6 3. Nf3 b6 4. Nc3 Bb4 5. Bg5 h6 6. Bh4 Bb7 7. Nd2 Qe7 8. Qc2
c5 9. a3 Bxc3 10. Qxc3 cxd4 11. Qxd4 Nc6 12. Qc3 Rc8 13. e3 O-O 14. Rd1 d5 15.
Bxf6 gxf6 16. cxd5 Ne5 17. Qd4 Rfd8 18. Be2 Rxd5 19. Qh4 Qd8 20. Qxh6 Nd3+ 21.
Bxd3 Rxd3 22. e4 Bxe4 23. O-O Bg6 24. h4 Rc5 25. b4 Rcd5 26. h5 Rxh5 27. Qf4
Rhd5 28. Ne4 Bxe4 29. Rxd3 Bxd3 30. Rc1 Kg7 31. Rc7 0-1

[Event "PRO League KO Stage 2017"]
[Site "chess.com INT"]
[Date "2017.03.25"]
[Round "4.7"]
[White "Carlsen, M."]
[Black "Meier, Geo"]
[Result "1-0"]
[WhiteElo "2838"]
[BlackElo "2630"]
[PlyCount "65"]
[EventDate "2017.03.01"]
[WhiteTeam "Norway Gnomes"]
[BlackTeam "Stockholm Snowballs"]

1. e4 e6 2. d4 d5 3. exd5 exd5 4. Nf3 Nf6 5. Bd3 Bd6 6. Qe2+ Qe7 7. Qxe7+ Bxe7
8. Bf4 c6 9. O-O O-O 10. Re1 Re8 11. Nbd2 Bg4 12. Ne5 Be6 13. Nb3 a5 14. Nc5
Bxc5 15. dxc5 Nbd7 16. Nxd7 Bxd7 17. f3 a4 18. Kf2 Be6 19. Bd6 Nd7 20. b4 axb3
21. axb3 g6 22. g4 b6 23. cxb6 Nxb6 24. Kg3 Nd7 25. h4 Kg7 26. f4 d4 27. Rxa8
Rxa8 28. f5 gxf5 29. gxf5 Bd5 30. Re7 Ra7 31. Kf4 Rb7 32. Be5+ Kf8 33. f6 1-0